| 000 | 00571nam a2200181 i 4500 | ||
|---|---|---|---|
| 001 | 41013 | ||
| 003 | ES-MaACL | ||
| 007 | t| | ||
| 008 | 030307s1914 fr ||||1| fre d | ||
| 100 | 1 |
_aCartault, A. _935877 |
|
| 245 | 1 | 2 |
_aL'intellectuel _b: etude psychologique et morale / _cpar A. Cartault. |
| 260 |
_aParis : _bFélix Alcan, _c1914 ( _fTours E. Arrault) |
||
| 300 |
_a311 p. ; _c23 cm. |
||
| 490 | 1 | _aBibliothèque de philosophie contemporaine | |
| 830 | 0 |
_aBibliothèque de philosophie contemporaine _9181027 |
|
| 852 |
_aES-MaACL _jB-6232 |
||
| 999 |
_c41013 _d41013 |
||